Univerzálne mobilné zariadenia v marketingu a obchode diplomová práca

Gespeichert in:
Bibliographische Detailangaben
1. Verfasser: Štec, Martin
Körperschaft: Obchodná fakulta EU. Katedra informatiky obchodných firiem
Weitere Verfasser: Kuchta, Martin, 1990-
Format: Buch
Sprache:Slowakisch
Veröffentlicht: Bratislava 2020
Tags: Tag hinzufügen
Keine Tags, Fügen Sie das erste Tag hinzu!

MARC

LEADER 00000nbm a2200000 4500
001 0266449
005 20201009134813.4
041 0 |a slo 
044 |a SK 
245 1 0 |a Univerzálne mobilné zariadenia v marketingu a obchode  |b diplomová práca  |c Martin Štec ; školiteľ: Martin Kuchta 
264 1 |a Bratislava  |c 2020 
300 |a 61 s. 
100 1 |a Štec, Martin 
700 1 |a Kuchta, Martin, 1990- 
710 2 |a Obchodná fakulta EU. Katedra informatiky obchodných firiem